Archie American Series : Best of the Seventies (Record no. 9095)

MARC details
000 -LEADER
fixed length control field 00874nam a22002177a 4500
003 - CONTROL NUMBER IDENTIFIER
control field OSt
005 - DATE AND TIME OF LATEST TRANSACTION
control field 20260313023858.0
008 - FIXED-LENGTH DATA ELEMENTS--GENERAL INFORMATION
fixed length control field 260313b |||||||| |||| 00| 0 eng d
020 ## - INTERNATIONAL STANDARD BOOK NUMBER
International Standard Book Number 1-879794-05-5
040 ## - CATALOGING SOURCE
Original cataloging agency DWCL GS lib
Transcribing agency OC
082 ## - DEWEY DECIMAL CLASSIFICATION NUMBER
Classification number M764a 1998
100 ## - MAIN ENTRY--PERSONAL NAME
Personal name MONTANA, BOB
245 ## - TITLE STATEMENT
Title Archie American Series : Best of the Seventies
Statement of responsibility, etc. BOB MONTANA
260 ## - PUBLICATION, DISTRIBUTION, ETC.
Place of publication, distribution, etc. Canada
Name of publisher, distributor, etc. Archie Comic Publications
Date of publication, distribution, etc. 1998
300 ## - PHYSICAL DESCRIPTION
Extent 98 p
Dimensions 25 cm
520 ## - SUMMARY, ETC.
Summary, etc. collects iconic 1970s Archie stories, featuring, disco, bell-bottoms, and societal shifts like the women's movement.
650 ## - SUBJECT ADDED ENTRY--TOPICAL TERM
Topical term or geographic name entry element compiles classic Archie Comics stories reflecting 1970s pop culture, including disco, pet rocks, Kung Fu, the Bicentennial, and changing social mores.
650 ## - SUBJECT ADDED ENTRY--TOPICAL TERM
Topical term or geographic name entry element navigating life's challenges with resilience and a focus on community.
700 ## - ADDED ENTRY--PERSONAL NAME
Personal name BOB MONTANA
942 ## - ADDED ENTRY ELEMENTS (KOHA)
Source of classification or shelving scheme Dewey Decimal Classification
Koha item type Fiction
Suppress in OPAC No

No items available.